000 00602nam a2200241Ia 4500
003 OSt
005 20220918174306.0
006 a|||||r|||| 00| 0
007 ta
008 220917b |||||||| |||| 00| 0 eng d
024 _a11,484
037 _cTextual
040 _aARTS
_cARTS
_beng
041 _2eng
_aeng
082 _aM95, L4
100 _aSpizing Gunter
_949905
245 0 _aPhotoguide to flash
260 _aLondon
_bFocal Press
_c1974
300 _a202p.
_ccm.
650 _aINDUSTRIAL ARTS
942 _hM95, L4
_cTEXL
_2CC
999 _c152583
_d152583